000
00247 a2200097 4500
001
32267
090
_c
21658
_d
21658
100
_a
Stinton Darrol
245
_a
Flying qualities and flight testing of the Aeroplane
260
_a
London
_b
Black Well Science
_c
1996
942
_a
NUST-CAE
999
_c
267340
_d
267340